Zdokonaľovanie organizačnej štruktúry a deľby rozhodovacej právomoci v podniku diplomová práca

Enregistré dans:
Détails bibliographiques
Auteur principal: Zeleňáková, Monika
Collectivité auteur: Fakulta podnikového manažmentu EU. Katedra manažmentu
Autres auteurs: Szabo, Ľuboslav
Format: Livre
Langue:slovaque
Publié: Bratislava 2021
Tags: Ajouter un tag
Pas de tags, Soyez le premier à ajouter un tag!

MARC

LEADER 00000nbm a2200000 4500
001 0275790
005 20211125105442.1
041 0 |a slo 
044 |a SK 
245 1 0 |a Zdokonaľovanie organizačnej štruktúry a deľby rozhodovacej právomoci v podniku  |b diplomová práca  |c Monika Zeleňáková ; školiteľ: Ľuboslav Szabo 
264 1 |a Bratislava  |c 2021 
300 |a 71 s. 
100 1 |a Zeleňáková, Monika 
700 1 |a Szabo, Ľuboslav 
710 2 |a Fakulta podnikového manažmentu EU. Katedra manažmentu